000 00604nam a2200241 a 4500
001 nice12345678
003 IN_TiNIC
005 20260116011338.0
008 050524s1941 newa grp 000 0 eng
020 _a
_c100
082 0 0 _a221.1
_bPFE
100 _aPfeiffer, Robert H
245 _aIntroduction to the Old Testament.
260 _aNew York
_bHarper and Row
_c1941
300 _a917p
500 _aincludes index and biblioraphy
505 2 _aIndex
650 _aBible O.T. Criticism & Interpretati
700 1 _aPfeiffer, Robert H
902 _bSRS
942 _cBK
999 _c707
_d707